00832nam a2200229Ia 4500003000400000005001700004008004100021020002200062040000700084041000800091082002300099100003600122245008000158260004500238300001600283365001300299650003100312906009200343942001200435999001900447952013600466OSt20230429122708.0210423s2013 xx 000 0 und d a978-0-19-807545-5 cAL aeng a332.042 223bSIKO aSIKDAR (Soumyen (Sikdar)995287 aOxford India short introduction: capital flows and exchange rate management aNew DelhibOxford University Pressc2013 axiv,135bPB b235cINR aFinancial Economics995288 acapital ; exchange ; flows ; India ; introduction: ; management ; Oxford ; rate ; short 2ddccBK c170488d170488 001040708MCOMFAaSACPGbSACPGd2020-01-29eAthulya Booksg235.00l0o332.042 SIKOpPG016990r2022-08-24 00:00:00w2021-04-26yBK